<?xml version="1.0" encoding="UTF-8"?>
<collection xmlns="http://www.loc.gov/MARC21/slim">
 <record>
  <leader>02056naa a2200253 i 4500</leader>
  <controlfield tag="001">acta50512</controlfield>
  <controlfield tag="005">20220106155610.0</controlfield>
  <controlfield tag="008">180709s2015    hu      o     0||   hun d</controlfield>
  <datafield tag="020" ind1=" " ind2=" ">
   <subfield code="a">978-963-89724-1-5</subfield>
  </datafield>
  <datafield tag="022" ind1=" " ind2=" ">
   <subfield code="a">2062-3712</subfield>
  </datafield>
  <datafield tag="040" ind1=" " ind2=" ">
   <subfield code="a">SZTE Egyetemi Kiadványok Repozitórium</subfield>
   <subfield code="b">hun</subfield>
  </datafield>
  <datafield tag="041" ind1=" " ind2=" ">
   <subfield code="a">hun</subfield>
  </datafield>
  <datafield tag="041" ind1=" " ind2=" ">
   <subfield code="a">eng</subfield>
  </datafield>
  <datafield tag="100" ind1="1" ind2=" ">
   <subfield code="a">Valastyán Balázs</subfield>
  </datafield>
  <datafield tag="245" ind1="1" ind2="2">
   <subfield code="a">A haszonbérletektől a kártalanításig - földbirtokpolitikai ügyek a visszacsatolt Bácskában (1941-1944) = From the lease to compensation - agrarian cases in there turned Vojvodina (1941-1944)</subfield>
   <subfield code="h">[elektronikus dokumentum] /</subfield>
   <subfield code="c"> Valastyán Balázs</subfield>
  </datafield>
  <datafield tag="260" ind1=" " ind2=" ">
   <subfield code="c">2015</subfield>
  </datafield>
  <datafield tag="300" ind1=" " ind2=" ">
   <subfield code="a">87-95</subfield>
  </datafield>
  <datafield tag="490" ind1="0" ind2=" ">
   <subfield code="a">Közép-európai Monográfiák</subfield>
   <subfield code="v">14</subfield>
  </datafield>
  <datafield tag="490" ind1="0" ind2=" ">
   <subfield code="a">Tanulmányok a magyar történelemből a kora újkortól a legújabb korig II.</subfield>
   <subfield code="v">14</subfield>
  </datafield>
  <datafield tag="520" ind1="3" ind2=" ">
   <subfield code="a">In this essay I’m trying to present an unresearched part front the return of the Vojvodina after ‘he April in 1941, primarily focused on documents front the Mimstry of agnculture s Sub-office for Land Policy in the Vojvodina. „After the feedback o f the Vojvodina, the Hungarian government wanted to express the continuity in every part of life, so the Yugoslavian agrarian reform was taken under revision The former owners wanted to get back their old land, old lordship - but the government don't wanted to fulfill their wishes. Instead, first the military administration, after that the Ministry of agriculture's Suboffice for Land Policy in the Vojvodina has given those lands, lordships in lease for the peasants. Some of the former owners had received some compensation - they a so had become some lease for their land, but in some cases received they money. In my paper I try to present some of these cases, so we can better recognise this part of Hungarian history.</subfield>
  </datafield>
  <datafield tag="650" ind1=" " ind2="4">
   <subfield code="a">Bölcsészettudományok</subfield>
  </datafield>
  <datafield tag="650" ind1=" " ind2="4">
   <subfield code="a">Történettudomány és régészet</subfield>
  </datafield>
  <datafield tag="695" ind1=" " ind2=" ">
   <subfield code="a">Földbirtokpolitika - Magyarország - 1941-1944, Vajdaság, Bácska</subfield>
  </datafield>
  <datafield tag="856" ind1="4" ind2="0">
   <subfield code="u">http://acta.bibl.u-szeged.hu/50512/1/kek_mono_014_087-095.pdf</subfield>
   <subfield code="z">Dokumentum-elérés </subfield>
  </datafield>
 </record>
</collection>
